| 000 | 01163nam a2200253 a 4500 | ||
|---|---|---|---|
| 001 | 000035973 | ||
| 003 | DO-SdBNP | ||
| 005 | 20221114140020.0 | ||
| 007 | ta | ||
| 008 | 111121s2006 dr ao 000 0 spa d | ||
| 040 |
_aDO-SdBNP _bspa _cBNPHU |
||
| 082 |
_axxx _bD542s |
||
| 100 |
_aDíaz, Polibio, _d1952- _961996 |
||
| 245 | 1 | 0 |
_aPolibio Diaz : _binteriores / _cPolibio Díaz ; textos María Elena Ditrén , Ricardo Ramón Jarne, Antonio Zaya. |
| 260 |
_aSanto Domingo : _bMuseo de Arte Moderno, _c2006. |
||
| 300 |
_a126 p. : _bil., fot. ; _c23 cm. |
||
| 505 | 0 |
_gPresentación / _rJosé Rafael Lantigua -- _tLos interiores de Polibio Díaz: Retratos de la dominicanidad / _rMaría Elena Ditrén Flores -- _tPolibio Díaz. Interiores dominicanos / _rAntonio Zaya -- _tComo mi casa ninguna: El entrepismo tropical de Polibio Díaz / _rRicardo Ramón Jarne -- _tPolibio Díaz: En su otro interior / _rSara Hermann -- _gInteriores _gDatos biográficos _gTraducciones |
|
| 590 | _aInventariado 2022/ YL | ||
| 700 | 1 |
_aDitrén, María Elena _957565 |
|
| 700 | 1 |
_aJarne, Ricardo Ramón _957611 |
|
| 700 | 1 |
_aZaya, Antonio _961997 |
|
| 910 | _aYLockward | ||
| 942 |
_2ddc _cLBS1 |
||
| 999 |
_c35464 _d35464 |
||